书目信息 |
| 书名: | Applications of pattern recognition | |
| 作者: | editor, K.S. Fu. | |
| 分册号: | ||
| 分册名: | 出版地: | Boca Raton, Fla. : |
|
| 出版社: | CRC Press | |
| 出版时间: | 1982. | |
| 页数: | 277 p. : | |
| 开本: | 26 cm. | |
| 丛书名: | ||
| 中图分类号: | ||
| 科图分类号: | ||
| 其他分类号: | O235 | |
| 主题词: | ||
| 电子资源: | ||
| 000 | 00679cam 22002170a 4500 | |
| 001 | E0752056598 | |
| 005 | 20070228143011.10 | |
| 008 | 801201s1982 flu b 0010 eng l | |
| 010 | @a80027387 | |
| 020 | @a0849357292. | |
| 040 | @aDLC@beng@cCaOONL@dCaOON@dCaOOFF | |
| 050 | 00 | @aTK7882.P3@bA66 |
| 082 | 0 | @a621.3819/598 |
| 090 | @aO235 | |
| 099 | @dO235@ex2 | |
| 245 | 00 | @aApplications of pattern recognition / @ceditor, K.S. Fu. |
| 260 | @aBoca Raton, Fla. :@bCRC Press,@c1982. | |
| 300 | @a277 p. :@bill. ;@c26 cm. | |
| 504 | @aIncludes bibliographical references and index. | |
| 650 | 0 | @aPattern recognition systems. |
| 700 | 1 | @aFu, K. S.@q(King Sun),@d1930- |
| Applications of pattern recognition / / editor, K.S. Fu.-Boca Raton, Fla. : : CRC Press, , 1982. |
| 277 p. : : ill. ; ; 26 cm. |
| Includes bibliographical references and index. |
| ISBN 0849357292. |
| ● |
| 相关链接 |
|
|
|
|
正题名:Applications of pattern recognition
索取号:O235/x2
 
预约/预借
| 序号 | 登录号 | 条形码 | 馆藏地/架位号 | 状态 | 备注 |
| 1 | 181743 | 000439760 | 第二样本阅览室/ [索取号:O235/x2] | 在馆 | |
| 2 | 181744 | 000452227 | 第四借阅区/ [索取号:O235/x2] | 在馆 | |
| 3 | 181745 | 000439804 | 第四借阅区/ [索取号:O235/x2] | 在馆 |